Alucinar y delirar. (Registro nro. 692)
[ vista simple ]
| 000 -LEADER | |
|---|---|
| fixed length control field | 01579 am a2200409 a 4500 |
| 005 - FECHA ULTIMA MODIFICACION | |
| control field | 20240701102006.0 |
| 008 - CAMPO DE CONTROL (LIBRO) | |
| fixed length control field | 100903s1998||||ag # f |||| 001 0 spa d |
| 020 ## - INTERNATIONAL STANDARD BOOK NUMBER | |
| ISBN | 9879165098 |
| 041 ## - CODIGO DE IDIOMA | |
| Código de idioma del texto/pista de sonido o título separado | spa |
| 092 ## - SIGNATURA TOPOGRAFICA DEWEY LOCAL | |
| número de clasificación | 616.84 |
| libristica | 3 |
| sección | ALU |
| 245 ## - TITULO PROPIAMENTE DICHO | |
| Título | Alucinar y delirar. |
| Número de la parte/sección de la obra | T.2 / |
| Mención de responsabilidad y remanente de la transcripción de la portada | Paul Serieux |
| 250 ## - MENCION DE EDICION | |
| Mención de edición | 1a ed. en español |
| Mención de responsabilidad relacionada con la ed. | Traducción Clara Maranzano. Selección y presentación de textos Juan Carlos Stagnaro. |
| 260 ## - PIE DE IMPRENTA | |
| Lugar de publicación, distribución, etc | Buenos Aires: |
| Nombre de la editorial, distribuidor, etc | Polemos; |
| Fecha de publicación | 1998. |
| 300 ## - DESCRIPCION FISICA | |
| Extension | 178 p. |
| 500 ## - NOTA GENERAL | |
| Nota general | Serieux. P. et al. (1998). Alucinar y delirar. T.2 (1a ed.). Buenos Aires : Polemos. |
| 590 ## - NOTAS LOCALES (RLIN) | |
| Nota local | Colección Clásicos de Psiquiatría bajo la dirección de Juan Carlos Stagnaro. |
| 653 ## - TÉRMINO INDIZADO - PALABRAS CLAVES | |
| Palabra clave | Locuras razonantes (1909) |
| 653 ## - TÉRMINO INDIZADO - PALABRAS CLAVES | |
| Palabra clave | Psicosis alucinatoria crónica (1911) |
| 653 ## - TÉRMINO INDIZADO - PALABRAS CLAVES | |
| Palabra clave | Alucinaciones psíquicas y pseudo alucinaciones verbales (1914) |
| 653 ## - TÉRMINO INDIZADO - PALABRAS CLAVES | |
| Palabra clave | Signo del espejo en las psicosis y en la demencia precoz (1930) |
| 653 ## - TÉRMINO INDIZADO - PALABRAS CLAVES | |
| Palabra clave | Evolución de las ideas sobre alucinación (1932) |
| 653 ## - TÉRMINO INDIZADO - PALABRAS CLAVES | |
| Palabra clave | Alucinosis peduncular (1932) |
| 653 ## - TÉRMINO INDIZADO - PALABRAS CLAVES | |
| Palabra clave | Fenomenología en el estudio clínico de los delirantes (1950) |
| 653 ## - TÉRMINO INDIZADO - PALABRAS CLAVES | |
| Palabra clave | Esquizofrenia (1964) |
| 700 1# - ENTRADAS SECUNDARIAS - NOMBRE PERSONAL | |
| Nombre personal | Serieux, Paul |
| 9 (RLIN) | 1388 |
| 700 1# - ENTRADAS SECUNDARIAS - NOMBRE PERSONAL | |
| Nombre personal | Capgras, Joseph. |
| 9 (RLIN) | 1389 |
| 700 1# - ENTRADAS SECUNDARIAS - NOMBRE PERSONAL | |
| Nombre personal | Ballet, Gilbert. |
| 9 (RLIN) | 1390 |
| 700 1# - ENTRADAS SECUNDARIAS - NOMBRE PERSONAL | |
| Nombre personal | Séglas, Jules. |
| 9 (RLIN) | 1391 |
| 700 1# - ENTRADAS SECUNDARIAS - NOMBRE PERSONAL | |
| Nombre personal | Abely, Paul. |
| 9 (RLIN) | 1392 |
| 700 1# - ENTRADAS SECUNDARIAS - NOMBRE PERSONAL | |
| Nombre personal | Claude, Henry. |
| 9 (RLIN) | 1393 |
| 700 1# - ENTRADAS SECUNDARIAS - NOMBRE PERSONAL | |
| Nombre personal | Ey, Henri. |
| 9 (RLIN) | 1394 |
| 700 1# - ENTRADAS SECUNDARIAS - NOMBRE PERSONAL | |
| Nombre personal | Lhermitte, Jean. |
| 9 (RLIN) | 1395 |
| 700 1# - ENTRADAS SECUNDARIAS - NOMBRE PERSONAL | |
| Nombre personal | Rümke, Henricus Cornelius. |
| 9 (RLIN) | 1396 |
| 700 1# - ENTRADAS SECUNDARIAS - NOMBRE PERSONAL | |
| Nombre personal | Laing, Ronald David. |
| 9 (RLIN) | 1397 |
| 930 ## - NUMERO DE INVENTARIO | |
| Número de inventario | 774 |
| 942 ## - ADDED ENTRY ELEMENTS (KOHA) | |
| Source of classification or shelving scheme | Dewey Decimal Classification |
| Item type | Libros |
| Estado de retiro | Existencia | Fuente de clasificación | Estado general | No para prestamo | Colección | Ubicación permanente | ubicación actual | Sala de ubicación | Fecha de adquisición | Total Checkouts | Número de clasificación | Código de barras | Date last seen | Número de ejemplar | Price effective from | Koha tipo de elemento (item) | Public note |
|---|---|---|---|---|---|---|---|---|---|---|---|---|---|---|---|---|---|
| Dewey Decimal Classification | Reference | Biblioteca Medicina | Biblioteca Medicina | Referencia | 13/05/2011 | 616.84 3 ALU | 774 | 06/11/2014 | ej.1 | 13/05/2011 | Reference | LIBRO DE CONSULTA |